[Event "ITA-chT 47th"]
[Site "Civitanova Marche"]
[Date "2015.04.29"]
[Round "1.2"]
[White "Misiano, Franco"]
[Black "Ortega, Lexy"]
[Result "0-1"]
[WhiteElo "2313"]
[BlackElo "2470"]
[PlyCount "54"]
[EventDate "2015.04.29"]
[EventType "team-swiss"]
[EventRounds "7"]
[EventCountry "ITA"]
[SourceTitle "CBM 166 Extra"]
[Source "ChessBase"]
[SourceDate "2015.06.18"]
[SourceVersion "1"]
[SourceVersionDate "2015.06.18"]
[SourceQuality "1"]
[WhiteTeam "Milano"]
[BlackTeam "Modena"]
[WhiteTeamCountry "ITA"]
[BlackTeamCountry "ITA"]

1. e4 c5 2. Nf3 e6 3. d4 cxd4 4. Nxd4 a6 5. Nc3 Qc7 6. Bd3 Nf6 7. f4 b5 8. Qf3 Bb7 9. Be3 Nc6 10. 0-0-0 Rc8 11. Kb1 Na5 12. Rhf1 Nc4 13. Bc1 Qb6 14. Nce2 Nd6 15. f5 Ndxe4 16. Qe3 Bc5 17. fxe6 dxe6 18. Bxe4 Bxe4 19. Qg3 Bg6 20. Ka1 0-0 21. c3 b4 22. cxb4 Qxb4 23. Bd2 Qb6 24. Bc3 Ne4 25. Qh4 Nxc3 26. Nxc3 Bb4 27. Ne4 Rc4 0-1

[Event "Novara op-A"]
[Site "Novara"]
[Date "2013.11.02"]
[Round "2"]
[White "Calavalle, Giulio"]
[Black "Ortega, Lexy"]
[Result "1-0"]
[WhiteElo "2210"]
[BlackElo "2480"]
[PlyCount "104"]
[EventDate "2013.11.01"]
[EventType "swiss"]
[EventRounds "5"]
[EventCountry "ITA"]
[SourceTitle "EXT 2014"]
[Source "ChessBase"]
[SourceDate "2013.11.20"]
[SourceVersion "1"]
[SourceVersionDate "2013.11.20"]
[SourceQuality "1"]

1. e4 e5 2. Bc4 Nf6 3. Nc3 Bc5 4. d3 c6 5. Nf3 d6 6. Bd2 b5 7. Bb3 a5 8. a4 b4 9. Ne2 Qb6 10. 0-0 Bg4 11. Ng3 h5 12. h3 h4 13. Nf5 Bxf5 14. exf5 Nh5 15. Ng5 d5 16. Qf3 Nd7 17. Rfe1 Nhf6 18. Qe2 Kf8 19. Ne6+ fxe6 20. fxe6 Nb8 21. Qxe5 Rh5 22. Qf4 Na6 23. c4 bxc3 24. Bxc3 d4 25. e7+ Ke8 26. Bd1 Rh6 27. Bd2 Ra7 28. Qf5 Rxe7 29. Rxe7+ Bxe7 30. Bxh6 Qxb2 31. Bh5+ Kd8 32. Qxa5+ Nc7 33. Rd1 gxh6 34. Bf3 Nfd5 35. Bxd5 cxd5 36. Qe1 Bd6 37. Rb1 Qc2 38. Qd1 Qxd1+ 39. Rxd1 Bb4 40. Rb1 Na6 41. g3 Kc7 42. Kf1 hxg3 43. fxg3 Bd6 44. g4 Nc5 45. a5 Nxd3 46. Rd1 Nb4 47. Rxd4 Kc6 48. h4 Kc5 49. Rxb4 Kxb4 50. a6 Bc5 51. g5 Kb5 52. g6 Bd6 1-0

[Event "Novara op-A"]
[Site "Novara"]
[Date "2013.11.01"]
[Round "1"]
[White "Ortega, Lexy"]
[Black "Bisi, Samuele"]
[Result "1-0"]
[WhiteElo "2480"]
[BlackElo "2058"]
[PlyCount "83"]
[EventDate "2013.11.01"]
[EventType "swiss"]
[EventRounds "5"]
[EventCountry "ITA"]
[SourceTitle "EXT 2014"]
[Source "ChessBase"]
[SourceDate "2013.11.20"]
[SourceVersion "1"]
[SourceVersionDate "2013.11.20"]
[SourceQuality "1"]

1. Nf3 Nf6 2. c4 c5 3. Nc3 Nc6 4. d4 cxd4 5. Nxd4 a6 6. e4 e6 7. Nxc6 dxc6 8. Qxd8+ Kxd8 9. Bf4 Bb4 10. 0-0-0+ Ke7 11. Na4 Nxe4 12. Nb6 Nxf2 13. Nxa8 Nxd1 14. Kxd1 e5 15. Bxe5 Bg4+ 16. Kc2 Rxa8 17. Bxg7 Bf5+ 18. Kb3 a5 19. Bh6 Rg8 20. Be3 Be4 21. Rg1 f5 22. g3 Bd6 23. Bg2 a4+ 24. Kxa4 Bc2+ 25. Ka5 Ra8+ 26. Kb6 Rxa2 27. Kxb7 Rxb2+ 28. Kxc6 Ba4+ 29. Kd5 Kd7 30. Kd4 Re2 31. Ra1 Rxg2 32. Rxa4 Rxh2 33. Ra7+ Kc6 34. Ra6+ Kd7 35. g4 Rh4 36. Kd5 Bb8 37. gxf5 Rh5 38. Rf6 Ke7 39. Bd4 Rh4 40. Re6+ Kd7 41. c5 Rf4 42. c6+ 1-0